000
00239nam a2200097Ia 4500
001
643376
005
20250826153544.0
008
250824s9999 xx 000 0 und d
245
0
_a
YOK DAHA NELER
_c
HÜLYA KİBAROĞLU
260
_b
GENÇ TİMAŞ
999
_c
643376
_d
643376